000 00904cam a22002774a 4500
001 13753857
005 20180308075230.0
008 041018s2005 mau b 001 0 eng
010 _a 2004024668
020 _a1405116625 (hardcover : alk. paper)
020 _a9781405116626 (hardcover : alk. paper)
020 _a9781405116633 (pbk. : alk. paper)
020 _a1405116633 (pbk. : alk. paper)
040 _aDLC
_cDLC
_dDLC
041 _aeng
042 _apcc
080 _a174.4 NEW
082 0 0 _a174.4 NEW
_222
100 1 _a57
101 _aBIZ
245 1 0 _aBusiness ethics and the natural environment /
_cLisa H. Newton.
504 _aIncludes bibliographical references (p. [243]-252) and index.
906 _a7
_bcbc
_corignew
_d1
_eecip
_f20
_gy-gencatlg
942 _2ddc
_cBK
999 _c44479
_d44479